000 00470nam a22001697a 4500
003 OSt
005 20150305173945.0
008 150114b xxu||||| |||| 00| 0 eng d
040 _cBMC
082 _a863.99225
100 1 _aChamorro, Pedro Joaquín
_93784
_d1924-1978‏
245 1 0 _aJesús Marchena
_cP.J. Chamorro C.
260 _a[Managua]
_bArtes Gráficas
_c[1975]
300 _a106 p., 1 h.
_bil.
_c18 cm
650 2 4 _930194
_aNovela nicaragüense
942 _2ddc
_cBK
999 _c17330
_d17330